000 00970nas a2200313 4500
001 BR0404248
003 BR-BrBNA
005 20231205104801.0
007 ta
008 230509b bl.|||p| |||| 00| 00por d
040 _aBR-BrBNA
_bpor
_cBiblioteca Nacional de Agricultura
041 _a(Pt)
072 _aP33; N20
100 1 _aStreck, C.A.
100 1 _aReinert, D.J.
100 1 _aReichert, J.M.
100 1 _aKaiser, D.R.
245 1 _aModificações em propriedades físicas com a compactação do solo causada pelo tráfego induzido de um trator em plantio direto
650 _aPROPRIEDADE FÍSICO-QUÍMICA
650 _aCOMPACTAÇÃO DO SOLO
650 _aTRATOR
650 _aPLANTIO DIRETO
650 _aPOROSIDADE
650 _aREDUÇÃO
650 _aRESISTÊNCIA
773 0 _tCiência Rural (Brazil)
_xISSN 0103-8478
_g(May-Jun 2004), v. 34(3) p. 755-760
_wBR0404248
909 _a202311
_bLúcia
_c55
_dLúcia Elande
942 _2AGRIS
_n0
_cANA
999 _c179672
_d179672